Score 0/20 Timer 02:00
1 Play Today
Emmy-Winning Show Missing Word % Correct
___ and the CitySex
97.6%
___ Loves RaymondEverybody
96.5%
The ___ Van Dyke ShowDick
95.5%
Will & ___Grace
94.8%
Arrested ___Development
92.7%
All in the ___Family
89.1%
___ McBealAlly
88.7%
I Love ___Lucy
88.2%
The Mary ___ Moore ShowTyler
87.6%
The Wonder ___Years
86.5%
Emmy-Winning Show Missing Word % Correct
___ SmartGet
85.4%
___ Rock30
79.5%
The ___ GirlsGolden
79.1%
Make ___ for DaddyRoom
78.9%
Murphy ___Brown
71.6%
The Bob ___ ShowNewhart
61.8%
___ FamilyModern
53.7%
The ___ Benny ShowJack
50.6%
Barney ___Miller
44.4%
The Phil ___ ShowSilvers
28%

Today's Daily Dose

Missing Word
I Hardly Know Her!

Word Ladder
Sentence Ending

Quick Pick
Female Firsts

Get the Picture
Triathlon Sports

Remove Ads.
Support Sporcle.
Get the best of Sporcle when you Go Orange. This ad-free experience offers more features, more stats, and more fun while also helping to support Sporcle. Thank you for becoming a member.

You're not logged in!

Compare scores with friends on all Sporcle quizzes.
OR
Log In

Show Comments

Extras

Top Quizzes Today


Score Distribution

Your Account Isn't Verified!

In order to create a playlist on Sporcle, you need to verify the email address you used during registration. Go to your Sporcle Settings to finish the process.

Report this User

Report this user for behavior that violates our Community Guidelines.

Details: